Normal view
MARC view
Entry Corporate Name
001 - CONTROL NUMBER
- control field: 6484
003 - CONTROL NUMBER IDENTIFIER
- control field: OSt
005 - DATE AND TIME OF LATEST TRANSACTION
- control field: 20120111122948.0
008 - FIXED-LENGTH DATA ELEMENTS
- fixed length control field: 120111|||a|||||| | ||| d
040 ## - CATALOGING SOURCE
- Original cataloging agency: OSt
- Transcribing agency: OSt
110 ## - HEADING--CORPORATE NAME
- Corporate name or jurisdiction name as entry element: Common Market for Eastern and Southern Africa.
- Subordinate unit: Court of Justice.
670 ## - SOURCE DATA FOUND
- Source citation: Work cat.: (OSt)0: The East Africa law reports 2009 Vol 2/, c1969-
